1924 1569 1543 1139 1823 1556 1884 1516 1435 1401 1190 1621 1381 1162 1760 1975 1498 1299 1961 1591 1187 1175 1296 1332 1868 1096 1469 1832 1590 1495 1186 1032 1013 1726 1769 1757 1465 1026 1624 1492 1090 1548 1305 1411 1373 1244 1375 1244 1608 1362 1288 1332 1051 1514 1717 1165 1594 1368 1094 1795 1685 1027 1316 1449 1242 1300 1931 1283 1992 1657 1803 1515 1536 1296 1662 1098 1130 1406 1397 1371 1667 1170 1305 1580 1250 1003 1058 1450 1401 1225 1837 1408 1448 1415 1670 1486 1458 1935 1110 BCNSPRNW ULIB Ver.6.0+V

เปลี่ยนเป็นภาษาไทย

Change to English
 แสดงรายละเอียดบรรณานุกรม
  กลับหน้าหลัก

Brief Record : Get Marc (ISO 2709) : E-mail record : QR code < ปิดหน้าต่าง
LEADER : 00000nam 2200000uu 4500
001    13399112664
003     ULIB
008    110830s2549||||th 000 0 tha d
020    9789747216646
050  4 JC571^bจ157บ 2549
100 0  จรัล ดิษฐาอภิชัย
245 10 บนหนทางสิทธิมนุษยชน /^cจรัล ดิษฐาอภิชัย
260    กรุงเทพฯ :^bสถาบันนโยบายศึกษา,^c2549
300    136 หน้า ;^c21 ซม.
650  4 สิทธิมนุษยชน
710 2  สถาบันนโยบายศึกษา
945    ^p150^l0^i021506
945    ^p150^l0^i021507
995    ทศพร
999 ^a ทศพร
รายการนี้ยังไม่มีแท็ก
คุณยังไม่ได้ล็อกอิน คุณสามารถมีกิจกรรมร่วมกับเว็บไซต์ได้ แต่ต้องล็อกอินก่อน ::
  ล็อกอิน

รายการสื่อสารสนเทศ

ลำดับที่ ประเภท เลขเรียก/บาร์โค้ด สถานที่ สถานะ
- ไม่พบข้อมูล -

รายการใกล้เคียง
    ผู้แต่ง [จรัล ดิษฐาอภิชัย]

    หัวเรื่อง [สิทธิมนุษยชน]

BibComment


ยังไม่เคยถูกคอมเมนท์

คอมเมนท์ทรัพยากรรายการนี้
  คอมเมนท์: บนหนทางสิทธิมนุษย..


 Copyright 2026. Bcnsprnw @Library